Who is screened out? Application costs and the targeting of disability programs (Record no. 512788)

000 -LEADER
fixed length control field 00493nam a2200145 4500
008 - FIXED-LENGTH DATA ELEMENTS--GENERAL INFORMATION
fixed length control field 191217b ||||| |||| 00| 0 eng d
100 ## - MAIN ENTRY--PERSONAL NAME
Personal name Deshpande, Manasi
245 ## - TITLE STATEMENT
Title Who is screened out? Application costs and the targeting of disability programs
260 ## - PUBLICATION, DISTRIBUTION, ETC. (IMPRINT)
Name of publisher, distributor, etc American Economic Journal: Economic Policy
300 ## - PHYSICAL DESCRIPTION
Extent 11(4), Nov, 2019: p.213-248.
700 ## - ADDED ENTRY--PERSONAL NAME
Personal name Li, Yue
9 (RLIN) 14664
773 ## - HOST ITEM ENTRY
Main entry heading American Economic Journal: Economic Policy
906 ## - LOCAL DATA ELEMENT F, LDF (RLIN)
Subject DIP Disability
942 ## - ADDED ENTRY ELEMENTS (KOHA)
Source of classification or shelving scheme
Item type Articles
Holdings
Withdrawn status Lost status Source of classification or shelving scheme Damaged status Not for loan Permanent location Current location Date acquired Serial Enumeration / chronology Barcode Date last seen Koha item type
          Indian Institute of Public Administration Indian Institute of Public Administration 2019-12-17 11(4), Nov, 2019: p.213-248. AR122118 2019-12-17 Articles

Powered by Koha